Les 10 meilleurs buteurs des plus grandes sélections - Statistiques

Statistiques générales
  • Ce quiz a été pris 8 306 fois
    7 149 depuis la dernière actualisation
  • Le résultat moyen est 37 sur 90
Statistiques - réponses
Joueur Buts % Correct
Kylian Mbappé 46
97%
Olivier Giroud 56
97%
Cristiano Ronaldo 128
96%
Ronaldo 62
95%
Thierry Henry 51
95%
Antoine Griezmann 43
94%
Lionel Messi 106
93%
Neymar 79
93%
Gerd Muller 68
88%
Pelé 77
88%
Thomas Muller 45
88%
Harry Kane 58
87%
Zinédine Zidane 31
86%
Michel Platini 41
81%
Karim Benzema 37
78%
Ronaldinho 33
76%
Diego Maradona 34
71%
David Trezeguet 34
66%
Eusebio 41
66%
Miroslav Klose 71
66%
Wayne Rooney 53
65%
David Villa 59
64%
Fernando Torres 38
62%
Angel di Maria 29
59%
Just Fontaine 30
59%
Luigi Riva 35
59%
Luis Figo 32
59%
Memphis Depay 44
58%
Rivaldo 35
57%
Robin Van Persie 50
57%
Arjen Robben 37
56%
Johan Cruyff 33
56%
Jean-Pierre Papin 30
53%
Sergio Aguero 42
53%
Alvaro Morata 34
52%
Alessandro Del Piero 27
47%
Gonzalo Higuain 36
45%
Raul 44
41%
Ruud Van Nistelrooy 35
41%
Sergio Ramos 23
41%
Frank Lampard 29
40%
Filippo Inzaghi 25
39%
Michael Owen 40
38%
Nani 24
37%
Romario 55
37%
David Silva 35
35%
Lautaro Martinez 21
35%
Roberto Baggio 27
34%
Alan Shearer 30
33%
Pauleta 47
33%
Rui Costa 26
32%
Gabriel Batistuta 56
31%
Bobby Charlton 49
30%
Zico 52
29%
Alfredo Di Stefano 23
27%
Hernan Crespo 35
27%
Gary Lineker 48
24%
Jairzinho 33
23%
Dennis Bergkamp 37
22%
Fernando Morientes 27
21%
Emilio Butragueño 26
20%
Patrick Kluivert 40
20%
Klaas-Jan Huntelaar 42
18%
Bebeto 39
17%
Christian Vieri 23
17%
Michael Ballack 42
17%
Lukas Podolski 49
16%
Rudi Voller 47
16%
Karl-Heinz Rummenigge 45
15%
Nuno Gomes 29
15%
Jurgen Klinsmann 47
10%
Giuseppe Meazza 33
9%
Fernando Hierro 29
8%
Helder Postiga 27
6%
Nené 22
5%
Ademir 32
4%
Daniel Passarella 23
3%
Jimmy Greaves 44
3%
João Vieira Pinto 23
3%
Silvio Piola 30
3%
Uwe Seeler 43
3%
Alessandro Altobelli 25
2%
Nat Lofthouse 30
2%
Tom Finney 30
2%
Abe Lenstra 33
1%
Adolfo Baloncieri 25
1%
Faas Wilkes 35
1%
Francesco Graziani 23
1%
Joachim Streich 55
1%
Luis Artime 24
1%
Aucun quiz correspondant
Distribution des résultats
% des personnes avec chaque résultat
Percentile par nombre de réponses
Votre historique - résultats
Vous n’avez pas pris ce quiz depuis la dernière actualisation